000 00396nam a2200157Ia 4500
008 231217s9999 xx 000 0 und d
020 _a8178810940
041 _aEnglish
082 _a332.1 RAO1.1;1 R
100 _aRao, Katuri Nageswara ed.
245 0 _aBusiness strategy V.1
260 _c2002
_bIcfai
_aHyderabad
300 _axx, 184
650 _aBusiness,strategy,V.1
942 _cAA
999 _c186863
_d186863